000 00395nam a22001697a 4500
005 20160629135125.0
008 160629b xxu||||| |||| 00| 0 eng d
020 _a978-93-5014-272-1
041 _aeng
082 _b12198
100 _aSikka, V.b
_93192
245 _aCivil engineering Drawing
260 _bKatson
_c2012
300 _a547
650 _aDiploma Engineering
_9817
942 _cBK
999 _c4689
_d4687